Biblioteca

Korean minority church-state relations in the people's Republic of China (Registro nro. 70663)

Detalles MARC
000 -LÍDER
Campo fijo de descripción fija 01434nab a2200241 i 4500
001 - NÚMERO DE CONTROL
Campo de control 768714001
003 - IDENTIFICADOR DEL NÚMERO DE CONTROL
Campo de control CO-MdFUSB
005 - FECHA Y HORA DE LA ULTIMA TRANSACCIÓN
control field 20240731163104.0
008 - ELEMENTOS DE LONGITUD FIJA -- INFORMACIÓN GENERAL
Campo fijo de descripción fija -- Información general 240731t1990 -us||||| |||| 00| 0 eng d
040 ## - FUENTE DE CATALOGACIÓN
Idioma de catalogación spa
Agencia que realiza la transcripción CO-MdFUSB
Agencia que realiza la modificación CO-MdFUSB
041 ## - CÓDIGO DE IDIOMA
Código de idioma para texto/pista de sonido o título separado eng
100 ## - ASIENTO PRINCIPAL--NOMBRE PERSONAL
Nombre personal Kang, Wi-Jo,
Fechas asociadas con el nombre 1930-
Término relacionador autor
245 ## - TÍTULO
Título Korean minority church-state relations in the people's Republic of China
Mención de responsabilidad / Wi Jo Kang
520 ## - NOTA DE RESUMEN, ETC.
Nota de sumario, etc. Entre los inmigrantes coreanos que llegaron a la parte nororiental de China, llamada entonces Buk Kando, había algunos cristianos conversos que querían tener libertad religiosa y también participar en actividades políticas en pro de la independencia de Corea. Estos primeros conversos fueron el resultado de la labor que los misioneros presbiterianos habían iniciado en 1884 en Corea. La misión presbiteriana se extendió a la parte norte de Corea; ya en 1892, los presbiterianos del norte procedentes de los Estados Unidos establecieron una estación misionera en la ciudad portuaria de Wonsan.
546 ## - NOTA DE IDIOMA
Nota de idioma Texto en inglés.
650 #0 - ASIENTO SECUNDARIO DE MATERIA - TERMINO TEMÁTICO
Término temático o nombre geográfico como elemento de entrada Evangelización
9 (RLIN) 362
650 #0 - ASIENTO SECUNDARIO DE MATERIA - TERMINO TEMÁTICO
Término temático o nombre geográfico como elemento de entrada Ecumenismo
Subdivisión general Historia
9 (RLIN) 1146
650 #7 - ASIENTO SECUNDARIO DE MATERIA - TERMINO TEMÁTICO
Término temático o nombre geográfico como elemento de entrada Iglesia
9 (RLIN) 655
653 ## - TÉRMINO DE INDIZACIÓN - NO CONTROLADO
Término no controlado China
773 0# - ASIENTO DE ITEM FUENTE
Biblionumber 49483
Itemnumber 82888
Otro identificador del ítem R2717
Título International Bulletinof Missionary Research
Número de control del registro (CO-MdFUSB)768714001
Número Internacional Normalizado para Publicaciones Seriadas (ISSN) 0272-6122
Parte(s) relacionada(s) / Volumen., número. (mes año), páginas Volumen 14, (número 2, 1990), páginas: 77 - 82
Enumeración y primera página página: 77
942 ## - TIPO DE MATERIAL (KOHA)
Tipo de Item KOHA Artículos de Revista
945 ## - INFORMACIÓN LOCAL DEL REGISTRO
Catalogador Catherine Arias Álvarez - Practicante SENA

No hay ítems disponibles.

Biblioteca FUSBC | Teléfono: (57+4) 349 88 10 Ext. 141| WhatsApp (+57) 3005338115 
E-mail: biblioteca@unisbc.edu.co | Calle 76 87-14 Robledo Palenque, Medellín, Colombia

Con tecnología Koha